[Event "Reykjavik Open"]
[Site "Reykjavik ISL"]
[Date "2017.04.24"]
[EventDate "2017.04.19"]
[Round "7.21"]
[Result "1-0"]
[White "Erik Blomqvist"]
[Black "Gudmundur Gislason"]
[WhiteElo "2548"]
[BlackElo "2314"]
[PlyCount "77"]

1. Nf3 Nf6 2. g3 g6 3. Bg2 Bg7 4. O-O O-O 5. d4 d5 6. c4 c6
7. Qb3 dxc4 8. Qxc4 Nd5 9. Rd1 Bf5 10. e3 a5 11. Qe2 Nb6
12. Nc3 Na6 13. e4 Be6 14. d5 cxd5 15. exd5 Bd7 16. Bg5 Bf6
17. Bh6 Re8 18. Nd4 Nc8 19. Nc6 Qb6 20. Be3 Nc5 21. Ne4 Qa6
22. Nxf6+ exf6 23. Qc2 Rxe3 24. fxe3 Qb6 25. Rac1 Na6 26. Qc3
Kg7 27. Rf1 Bf5 28. Nxa5 Nd6 29. Nc4 Nxc4 30. Qxc4 Qxe3+
31. Kh1 Rd8 32. Qc3 Qb6 33. a3 h5 34. b4 Qb5 35. Qd4 Rd6
36. Rf2 Qd7 37. Qc3 Bh3 38. Bxh3 Qxh3 39. Rcf1 1-0

[Event "Reykjavik Open"]
[Site "Reykjavik ISL"]
[Date "2017.04.24"]
[EventDate "2017.04.19"]
[Round "7.22"]
[Result "1-0"]
[White "Eugene Perelshteyn"]
[Black "Leon David Piasetski"]
[WhiteElo "2509"]
[BlackElo "2300"]
[PlyCount "69"]

1. e4 g6 2. d4 Bg7 3. Nc3 d6 4. Be3 a6 5. Nf3 b5 6. Bd3 Bb7
7. e5 c5 8. e6 fxe6 9. dxc5 Bxc3+ 10. bxc3 Nf6 11. O-O Nbd7
12. cxd6 exd6 13. Bh6 Nc5 14. Re1 Qd7 15. c4 Ng4 16. Bf4 O-O
17. Bg3 e5 18. Bf1 Rae8 19. cxb5 axb5 20. Nd2 Nf6 21. c4 b4
22. Rb1 Ra8 23. Rxb4 Rxa2 24. Nb3 Nce4 25. c5 Nxf2 26. Qxd6
Qc8 27. Bxe5 N2g4 28. Bc4+ Kg7 29. Qe7+ Kh6 30. Rxb7 Nxe5
31. Qg7+ Kg5 32. Rxe5+ Kf4 33. Qh6+ Kxe5 34. Re7+ Kf5 35. Nd4+
1-0

[Event "Reykjavik Open"]
[Site "Reykjavik ISL"]
[Date "2017.04.24"]
[EventDate "2017.04.19"]
[Round "7.23"]
[Result "1-0"]
[White "Burak Firat"]
[Black "Vera Nebolsina"]
[WhiteElo "2503"]
[BlackElo "2285"]
[PlyCount "65"]

1. d4 Nf6 2. c4 g6 3. Nc3 d5 4. Nf3 Bg7 5. cxd5 Nxd5 6. e4
Nxc3 7. bxc3 c5 8. Be3 Nc6 9. Rc1 cxd4 10. cxd4 Qa5+ 11. Bd2
Qd8 12. d5 Ne5 13. Nxe5 Bxe5 14. Bc4 Qd6 15. O-O Bxh2+ 16. Kh1
Bf4 17. Bb5+ Kf8 18. Bc3 g5 19. Qh5 Rg8 20. Kg1 Bxc1 21. Rxc1
a6 22. Ba4 b5 23. Bb3 Bd7 24. e5 Qg6 25. Qe2 Rc8 26. e6 fxe6
27. dxe6 Bc6 28. Bb2 Qf5 29. Qd2 Qe4 30. Bd5 Qf4 31. Qd3 Bb7
32. Rxc8+ Bxc8 33. Qc2 1-0

[Event "Reykjavik Open"]
[Site "Reykjavik ISL"]
[Date "2017.04.25"]
[EventDate "2017.04.19"]
[Round "8.1"]
[Result "1/2-1/2"]
[White "Nils Grandelius"]
[Black "Baadur Jobava"]
[WhiteElo "2641"]
[BlackElo "2712"]
[PlyCount "67"]

1. e4 e5 2. Nf3 Nf6 3. Nxe5 d6 4. Nf3 Nxe4 5. d4 d5 6. Bd3 Bd6
7. O-O O-O 8. c4 c6 9. Re1 Re8 10. Nc3 Nxc3 11. bxc3 Rxe1+
12. Qxe1 h6 13. Ne5 Nd7 14. f4 Nxe5 15. fxe5 Be7 16. cxd5 cxd5
17. Rb1 b6 18. Bf4 Be6 19. Qd2 Rc8 20. h3 Rc7 21. Rf1 Bg5
22. Bxg5 Qxg5 23. Qxg5 hxg5 24. Rc1 f6 25. exf6 gxf6 26. Kf2
Kg7 27. Ke3 Bf7 28. Kd2 Bg6 29. Re1 Bxd3 30. Kxd3 Kf7 31. Rb1
Ke6 32. Re1+ Kf7 33. Rb1 Ke6 34. Re1+ 1/2-1/2

[Event "Reykjavik Open"]
[Site "Reykjavik ISL"]
[Date "2017.04.25"]
[EventDate "2017.04.19"]
[Round "8.3"]
[Result "1-0"]
[White "Zoltan Almasi"]
[Black "Emre Can"]
[WhiteElo "2696"]
[BlackElo "2578"]
[PlyCount "105"]

1. Nf3 g6 2. d4 Bg7 3. c3 Nf6 4. Bf4 b6 5. h3 Bb7 6. e3 O-O
7. Be2 d6 8. O-O Nbd7 9. a4 a6 10. Nbd2 Qe8 11. Bh2 e5 12. b4
Qe7 13. Qb3 Kh8 14. Rfd1 Nh5 15. dxe5 dxe5 16. a5 f5 17. axb6
Nxb6 18. Ra5 f4 19. e4 Nd7 20. Qa2 c5 21. bxc5 Nxc5 22. Qa3
Rfc8 23. Rb1 Bf8 24. Qa1 Rc7 25. Rb4 Re8 26. Qb2 Ba8 27. Bxa6
Nxa6 28. Rxa6 Qd8 29. Rba4 Bc6 30. Ra1 Qd3 31. R6a5 Rb7
32. Qc1 Bd6 33. c4 Nf6 34. c5 Bc7 35. Ra6 Qd7 36. Kh1 g5
37. Nxg5 Rg8 38. Nf7+ Qxf7 39. Rxc6 Nxe4 40. Nxe4 Qd5 41. Rca6
Qxe4 42. f3 Qd5 43. Qc2 Bb8 44. Rd1 Qf7 45. c6 Re7 46. Bg1 Qf6
47. Ra8 Reg7 48. Rd7 Rxd7 49. cxd7 Qd6 50. Qc8 Kg7 51. Rxb8
Qxb8 52. Qxb8 Rxb8 53. Bb6 1-0

[Event "Reykjavik Open"]
[Site "Reykjavik ISL"]
[Date "2017.04.25"]
[EventDate "2017.04.19"]
[Round "8.4"]
[Result "0-1"]
[White "Alexander Donchenko"]
[Black "Anish Giri"]
[WhiteElo "2554"]
[BlackElo "2771"]
[PlyCount "86"]

1. Nf3 d5 2. d4 e6 3. c4 c6 4. Qc2 Nf6 5. Nbd2 Nbd7 6. g3 Be7
7. Bg2 O-O 8. O-O b6 9. e4 Bb7 10. e5 Ne8 11. cxd5 cxd5
12. Re1 Rc8 13. Qa4 Nc7 14. Bf1 Qe8 15. Kg2 Nb8 16. Qxa7 Ba8
17. Qxb6 Nc6 18. Qb3 f6 19. Qe3 Qf7 20. exf6 Bxf6 21. Kg1 Rce8
22. Qf4 g5 23. Nxg5 Qg7 24. Nh3 Nxd4 25. Bd3 e5 26. Qe3 e4
27. Bb1 Nce6 28. Kh1 Kh8 29. a4 Qg4 30. Nf4 Nxf4 31. Qxf4 Qg7
32. Qe3 Bg5 33. f4 Bf6 34. Ra3 Nf5 35. Qb6 Bd4 36. Qb5 Bf2
37. Rf1 Ba7 38. Ba2 d4 39. Bd5 Rb8 40. Qc4 Rfc8 41. Qa2 Ne3
42. Rxe3 dxe3 43. Nxe4 Qf7 0-1

[Event "Reykjavik Open"]
[Site "Reykjavik ISL"]
[Date "2017.04.25"]
[EventDate "2017.04.19"]
[Round "8.6"]
[Result "1/2-1/2"]
[White "Johann Hjartarson"]
[Black "Erwin L'Ami"]
[WhiteElo "2536"]
[BlackElo "2614"]
[PlyCount "73"]

1. d4 f5 2. g3 Nf6 3. Bg2 e6 4. Nf3 d5 5. O-O Bd6 6. c4 O-O
7. b3 b6 8. Bb2 Bb7 9. Nbd2 Ne4 10. Ne5 Nd7 11. Ndf3 Nxe5
12. dxe5 Bc5 13. cxd5 Qxd5 14. Qc2 Rad8 15. Rac1 a5 16. a3 h6
17. e3 Qd3 18. Nd4 Qxc2 19. Rxc2 Bd5 20. f3 Ng5 21. h4 Nf7
22. f4 Rfe8 23. h5 Rd7 24. Bxd5 Rxd5 25. Rfc1 Nd8 26. Rc4 Bxd4
27. exd4 c5 28. dxc5 b5 29. Rd4 Rxd4 30. Bxd4 Nc6 31. Bf2 Rd8
32. b4 a4 33. Rc3 g6 34. hxg6 Kg7 35. Kf1 Kxg6 36. Ke2 h5
37. Rc1 1/2-1/2

[Event "Reykjavik Open"]
[Site "Reykjavik ISL"]
[Date "2017.04.25"]
[EventDate "2017.04.19"]
[Round "8.7"]
[Result "1/2-1/2"]
[White "Dronavalli Harika"]
[Black "Mustafa Yilmaz"]
[WhiteElo "2521"]
[BlackElo "2614"]
[PlyCount "61"]

1. e4 c5 2. Nf3 d6 3. d4 cxd4 4. Nxd4 Nf6 5. Nc3 a6 6. h3 e6
7. g4 Be7 8. g5 Nfd7 9. h4 b5 10. a3 Bb7 11. Be3 Nc6 12. Qd2
O-O 13. O-O-O Nc5 14. f3 Rb8 15. Nxc6 Bxc6 16. b4 Nd7 17. h5
a5 18. g6 axb4 19. axb4 Ra8 20. Rg1 Qc8 21. gxh7+ Kxh7 22. Bg5
Ra1+ 23. Kb2 Rxd1 24. Qxd1 Bxg5 25. Rxg5 Qd8 26. f4 Qe7
27. Bxb5 Rc8 28. Bxc6 Rxc6 29. Qd4 Qf8 30. b5 Rc8 31. h6
1/2-1/2

[Event "Reykjavik Open"]
[Site "Reykjavik ISL"]
[Date "2017.04.25"]
[EventDate "2017.04.19"]
[Round "8.8"]
[Result "1/2-1/2"]
[White "Aman Hambleton"]
[Black "Jorden van Foreest"]
[WhiteElo "2434"]
[BlackElo "2584"]
[PlyCount "119"]

1. d4 Nf6 2. c4 g6 3. Nc3 Bg7 4. e4 d6 5. f3 O-O 6. Be3 e5
7. Nge2 c6 8. Qd2 exd4 9. Nxd4 d5 10. cxd5 cxd5 11. e5 Ne8
12. f4 f6 13. exf6 Nxf6 14. Be2 Nc6 15. O-O Re8 16. Kh1 Ng4
17. Bxg4 Bxg4 18. Bf2 Qf6 19. Nxd5 Qd8 20. Nf3 Bxf3 21. gxf3
Nd4 22. Nc3 Nxf3 23. Qxd8 Rexd8 24. Rfd1 Nd4 25. Bxd4 Bxd4
26. Kg2 Rac8 27. Rab1 Bxc3 28. bxc3 b6 29. c4 Kf7 30. Kf3 Ke6
31. Rxd8 Rxd8 32. Ke3 Rc8 33. Rb4 Kd6 34. Kd4 Rf8 35. Ke4 Kc5
36. a3 Re8+ 37. Kd3 Rd8+ 38. Ke3 Rd6 39. h4 a5 40. Rb1 Kxc4
41. h5 b5 42. Rc1+ Kb3 43. Rc7 gxh5 44. Rb7 b4 45. axb4 a4
46. Rxh7 Rd5 47. Ke4 Rb5 48. f5 h4 49. f6 a3 50. f7 Rb8
51. Rxh4 a2 52. Rh1 Rf8 53. Kd5 Rxf7 54. b5 Rh7 55. Ra1 Rh5+
56. Kc6 Kb2 57. Rxa2+ Kxa2 58. b6 Rh6+ 59. Kc7 Rxb6 60. Kxb6
1/2-1/2

[Event "Reykjavik Open"]
[Site "Reykjavik ISL"]
[Date "2017.04.25"]
[EventDate "2017.04.19"]
[Round "8.9"]
[Result "1/2-1/2"]
[White "Damian Lemos"]
[Black "Dmitry Andreikin"]
[WhiteElo "2471"]
[BlackElo "2734"]
[PlyCount "70"]

1. Nf3 g6 2. e4 Bg7 3. d4 d6 4. Bc4 Nf6 5. Qe2 c6 6. Bb3 O-O
7. O-O Bg4 8. Nbd2 a5 9. a4 d5 10. e5 Nfd7 11. h3 Bxf3
12. Nxf3 e6 13. c3 c5 14. dxc5 Nc6 15. Bf4 Qc7 16. Rfe1 Nxc5
17. Bc2 f6 18. exf6 Qxf4 19. fxg7 Kxg7 20. Qb5 Qd6 21. Qe2 Rf6
22. Ne5 Raf8 23. Ng4 Rf4 24. f3 h5 25. Nf2 Rc4 26. Rad1 Qg3
27. Nd3 Rf6 28. Nxc5 Rxc5 29. Bd3 b6 30. Bb5 Nd8 31. Qf2 Qxf2+
32. Kxf2 Nb7 33. Re5 Nd6 34. Bd3 Nf7 35. Re2 h4 1/2-1/2

[Event "Reykjavik Open"]
[Site "Reykjavik ISL"]
[Date "2017.04.25"]
[EventDate "2017.04.19"]
[Round "8.10"]
[Result "1/2-1/2"]
[White "Bragi Thorfinnsson"]
[Black "Alexey Shirov"]
[WhiteElo "2457"]
[BlackElo "2693"]
[PlyCount "131"]

1. d4 d5 2. Bf4 c5 3. e3 Nc6 4. c3 e6 5. Nf3 Bd6 6. Bg3 Bxg3
7. hxg3 Qb6 8. Qb3 Nf6 9. Nbd2 O-O 10. Be2 Qc7 11. Qa3 c4
12. b3 b5 13. O-O Bd7 14. Rfc1 a5 15. bxc4 bxc4 16. Qc5 a4
17. Rab1 a3 18. Ne5 Rfc8 19. Nxc6 Bxc6 20. Bd1 Qd8 21. Qb6 Rc7
22. Bc2 Nd7 23. Qb4 Nb8 24. Qb6 Be8 25. Nf3 Nc6 26. Ne5 Ne7
27. e4 Nc8 28. Qb4 Nd6 29. exd5 exd5 30. Re1 f6 31. Nf3 Qd7
32. g4 Bg6 33. Bxg6 hxg6 34. Nd2 g5 35. f3 Rb7 36. Qc5 Nb5
37. Re3 Rc8 38. Qb4 Rcb8 39. Qc5 Kh7 40. Kf2 Kg6 41. Kg1 Qd6
42. Rb4 Qxc5 43. dxc5 Na7 44. Ra4 Nc6 45. Rxa3 Rb5 46. Ra6
Rxc5 47. Re6 Rc8 48. Rd6 Rc7 49. Nf1 d4 50. cxd4 c3 51. dxc5
c2 52. Raxc6 Rxc6 53. Rxc6 c1=Q 54. Re6 Kf7 55. Re4 g6 56. Re2
Qxc5+ 57. Ne3 f5 58. gxf5 gxf5 59. Kf1 Kf6 60. Nxf5 Qxf5
61. Re4 Qb5+ 62. Kf2 Qb2+ 63. Kf1 Qxa2 64. Kg1 Kf5 65. Kf1 Qa7
66. Rg4 1/2-1/2

[Event "Reykjavik Open"]
[Site "Reykjavik ISL"]
[Date "2017.04.25"]
[EventDate "2017.04.19"]
[Round "8.11"]
[Result "1-0"]
[White "Sergei Movsesian"]
[Black "Eugenio Torre"]
[WhiteElo "2677"]
[BlackElo "2455"]
[PlyCount "91"]

1. e4 e5 2. Nf3 Nc6 3. Bb5 a6 4. Ba4 Nf6 5. O-O Be7 6. d3 d6
7. c3 O-O 8. Re1 Bg4 9. Nbd2 Nd7 10. h3 Bh5 11. Bc2 Nc5 12. g4
Bg6 13. d4 Ne6 14. d5 Nf4 15. dxc6 Nxh3+ 16. Kf1 bxc6 17. Nc4
h5 18. Ng1 Nxf2 19. Kxf2 Bh4+ 20. Kg2 Bxe1 21. Qxe1 hxg4
22. Ne3 d5 23. Nxg4 Bxe4+ 24. Bxe4 f5 25. Bd3 e4 26. Ne5 f4
27. Ngf3 exd3 28. Bd2 Qf6 29. Qh1 Qf5 30. Qh3 Rae8 31. Re1 c5
32. Qxf5 Rxf5 33. Nxd3 Rxe1 34. Nfxe1 g5 35. Kf3 c4 36. Kg4
Rf6 37. Ne5 Rb6 38. Bc1 Re6 39. N5f3 c5 40. Kxg5 d4 41. Kxf4
Re2 42. Bd2 d3 43. Kg3 Kg7 44. Ng2 Re4 45. Ne3 Kf6 46. Nh2 1-0

[Event "Reykjavik Open"]
[Site "Reykjavik ISL"]
[Date "2017.04.25"]
[EventDate "2017.04.19"]
[Round "8.15"]
[Result "1/2-1/2"]
[White "Helgi Dam Ziska"]
[Black "James Tarjan"]
[WhiteElo "2553"]
[BlackElo "2414"]
[PlyCount "118"]

1. e4 e5 2. Nf3 Nc6 3. Bb5 a6 4. Ba4 Nf6 5. O-O Be7 6. d3 b5
7. Bb3 d6 8. a4 Bd7 9. c3 O-O 10. Nbd2 Na5 11. Bc2 c5 12. Re1
Qc7 13. Nf1 Rab8 14. axb5 axb5 15. Bg5 Be6 16. Ne3 Ra8 17. Rc1
Rfc8 18. Bh4 h6 19. b4 Nc6 20. Bxf6 Bxf6 21. Bb3 Ra3 22. Bd5
Qd8 23. Qd2 cxb4 24. cxb4 Nd4 25. Ra1 Rxa1 26. Rxa1 Nxf3+
27. gxf3 Bg5 28. Rc1 Bxd5 29. exd5 Ra8 30. d4 Qf6 31. dxe5
Qxe5 32. Qc3 Qf4 33. Kg2 g6 34. Qd3 Qe5 35. Qe4 Qxe4 36. fxe4
Ra4 37. Rc8+ Kg7 38. Nc2 Kf6 39. Kg3 Bd2 40. Rd8 Ke7 41. Rb8
Ra2 42. Nd4 Be1 43. Nc6+ Kf6 44. Rd8 Bxf2+ 45. Kf3 Bg1
46. Rxd6+ Kg5 47. e5 Rf2+ 48. Kg3 Rxh2 49. e6 f5 50. e7 f4+
51. Kf3 Kf5 52. Nd4+ Bxd4 53. Rf6+ Kxf6 54. e8=Q Rf2+ 55. Kg4
h5+ 56. Kh3 Rf3+ 57. Kh2 Rf2+ 58. Kh3 Rf3+ 59. Kh2 Rf2+
1/2-1/2

[Event "Reykjavik Open"]
[Site "Reykjavik ISL"]
[Date "2017.04.25"]
[EventDate "2017.04.19"]
[Round "8.17"]
[Result "1/2-1/2"]
[White "John C Pigott"]
[Black "Pierre Bailet"]
[WhiteElo "2381"]
[BlackElo "2510"]
[PlyCount "115"]

1. e4 e5 2. Nf3 Nc6 3. Bc4 Nf6 4. d3 Be7 5. O-O O-O 6. a4 d5
7. exd5 Nxd5 8. Re1 Bg4 9. a5 Bb4 10. Bd2 Bxd2 11. Nbxd2 Nf4
12. h3 Bh5 13. Re3 Kh8 14. c3 f6 15. Ne4 b6 16. axb6 axb6
17. Ng3 Rxa1 18. Qxa1 Bg6 19. Bb5 Qd5 20. Qa4 Ne7 21. Bc4 Qd8
22. d4 c6 23. Bf1 exd4 24. Nxd4 c5 25. Ne6 Nxe6 26. Rxe6 Nf5
27. Nxf5 Bxf5 28. Re1 h6 29. Qf4 Bg6 30. Qg4 Kh7 31. Rd1 Qe7
32. Rd7 Qe1 33. h4 Qe5 34. Bd3 f5 35. Qf3 Kh8 36. h5 Qe8
37. Qb7 Bxh5 38. Rxg7 Bf7 39. Rg3 Qe6 40. Re3 Qf6 41. Re7 Kg8
42. Rc7 Qe6 43. Rc6 Qe1+ 44. Bf1 Rd8 45. Rc8 Qe8 46. Rc7 Qe6
47. Rc6 Qe1 48. Rf6 Bh5 49. Rd6 Rxd6 50. Qb8+ Kf7 51. Qxd6 Be2
52. Qd7+ Kf6 53. Qd8+ Kf7 54. Qc7+ Kf8 55. Qd8+ Kf7 56. Qd7+
Kf6 57. Qd6+ Kf7 58. Qd7+ 1/2-1/2

[Event "Reykjavik Open"]
[Site "Reykjavik ISL"]
[Date "2017.04.25"]
[EventDate "2017.04.19"]
[Round "8.20"]
[Result "1/2-1/2"]
[White "Konstantin Kavutskiy"]
[Black "Magesh Chandran Panchanathan"]
[WhiteElo "2347"]
[BlackElo "2494"]
[PlyCount "98"]

1. d4 Nf6 2. c4 e6 3. Nf3 b6 4. g3 Bb7 5. Bg2 Bb4+ 6. Bd2 a5
7. O-O O-O 8. Bf4 Be7 9. Re1 d5 10. cxd5 Nxd5 11. Bd2 c5
12. Nc3 Nc6 13. Nxd5 exd5 14. Bc3 a4 15. Rc1 Qd6 16. Qd2 Rfd8
17. Red1 Qe6 18. e3 Ra7 19. Ne1 cxd4 20. exd4 Ba6 21. Nd3 Bc4
22. Re1 Qg6 23. Nf4 Qd6 24. a3 Bg5 25. Qe3 Re7 26. Qf3 Bxf4
27. Qxf4 Qxf4 28. gxf4 Rde8 29. Rxe7 Rxe7 30. Bf3 Kf8 31. Kg2
Ke8 32. Bd1 b5 33. Bc2 h6 34. Kg3 Kd7 35. Rg1 g6 36. h4 Re2
37. Bd1 Re8 38. Bc2 Re2 39. Bd1 Re6 40. Bc2 f5 41. h5 Ne7
42. Kh4 gxh5 43. Kxh5 Re2 44. Bb1 Ke6 45. Kxh6 Kf6 46. Rg2 Re6
47. Bb4 Re2 48. Bc3 Re6 49. Bb4 Re2 1/2-1/2

[Event "Reykjavik Open"]
[Site "Reykjavik ISL"]
[Date "2017.04.25"]
[EventDate "2017.04.19"]
[Round "8.22"]
[Result "1-0"]
[White "Awonder Liang"]
[Black "Samu Ristoja"]
[WhiteElo "2483"]
[BlackElo "2228"]
[PlyCount "97"]

1. d4 Nf6 2. c4 e6 3. Nf3 d5 4. Nc3 dxc4 5. e4 Bb4 6. Bg5 c5
7. Bxc4 cxd4 8. Nxd4 Qa5 9. Bxf6 Bxc3+ 10. bxc3 Qxc3+ 11. Kf1
gxf6 12. Rc1 Qa5 13. h4 Ke7 14. Rh3 Rd8 15. Re3 Nc6 16. Nf5+
exf5 17. exf5+ Be6 18. Qb3 Qxf5 19. Bxe6 fxe6 20. Qxb7+ Kf8
21. Qxc6 Rac8 22. Qxc8 Rxc8 23. Rxc8+ Ke7 24. Rc7+ Kd6
25. Rxa7 Qb5+ 26. Kg1 Qc4 27. a3 h5 28. Rb7 e5 29. Rf3 Qxh4
30. Rxf6+ Kc5 31. Rf3 Qd4 32. Rb4 Qd2 33. Re4 Kd6 34. Rfe3
Qc1+ 35. Kh2 Qb2 36. Kg3 Qc2 37. f3 Qd2 38. Re2 Qg5+ 39. Kh2
h4 40. Rg4 Qc1 41. a4 Qh6 42. Kh3 Qc1 43. Kxh4 Qf1 44. Ree4
Qf2+ 45. Kh3 Qd2 46. Rh4 Qd1 47. Kh2 Qc1 48. a5 Qa3 49. a6 1-0

[Event "Reykjavik Open"]
[Site "Reykjavik ISL"]
[Date "2017.04.25"]
[EventDate "2017.04.19"]
[Round "8.23"]
[Result "1/2-1/2"]
[White "Alejandro Ramirez Alvarez"]
[Black "Soumya Swaminathan"]
[WhiteElo "2555"]
[BlackElo "2349"]
[PlyCount "109"]

1. c4 c5 2. Nc3 Nc6 3. Nf3 g6 4. g3 Bg7 5. Bg2 e6 6. d3 Nge7
7. Bd2 d5 8. Qc1 b6 9. Bh6 O-O 10. Bxg7 Kxg7 11. cxd5 exd5
12. d4 Ba6 13. dxc5 bxc5 14. Na4 Qa5+ 15. Qc3+ Qxc3+ 16. bxc3
c4 17. O-O-O Rab8 18. Nc5 Bc8 19. e4 Rb5 20. exd5 Rxc5
21. dxc6 Nxc6 22. Nd4 Ne5 23. Be4 Ba6 24. Kd2 Ra5 25. Ra1 Rc8
26. Rhe1 Rc7 27. a4 Nd3 28. Bxd3 cxd3 29. Reb1 Rac5 30. Ra3
Bc4 31. a5 Ba6 32. Rb8 Re7 33. Ra4 Ree5 34. Rbb4 Rxa5 35. c4
Bc8 36. Kxd3 Bd7 37. Rxa5 Rxa5 38. Rb7 Be8 39. c5 Kf6 40. c6
Rc5 41. Rxa7 Kg5 42. Rc7 Kg4 43. Rc8 Bxc6 44. Rxc6 Rxc6
45. Nxc6 Kf3 46. Ne5+ Kxf2 47. Nxf7 Kg2 48. g4 h5 49. g5 Kxh2
50. Ke2 Kg3 51. Kf1 Kf3 52. Kg1 Kg3 53. Kh1 Kh3 54. Ne5 Kh4
55. Nxg6+ 1/2-1/2

[Event "Reykjavik Open"]
[Site "Reykjavik ISL"]
[Date "2017.04.26"]
[EventDate "2017.04.18"]
[Round "9.8"]
[Result "1/2-1/2"]
[White "Burak Firat"]
[Black "Konstantin Landa"]
[WhiteElo "2503"]
[BlackElo "2611"]
[PlyCount "65"]

1. d4 d5 2. c4 e6 3. Nc3 a6 4. cxd5 exd5 5. Bf4 c6 6. e3 Bd6
7. Bxd6 Qxd6 8. Bd3 Ne7 9. Nge2 Bf5 10. Bxf5 Nxf5 11. Qc2 g6
12. O-O-O Nd7 13. g4 Ne7 14. Nf4 h5 15. f3 hxg4 16. fxg4 O-O-O
17. h4 Rdg8 18. h5 g5 19. Nd3 f5 20. Kb1 fxg4 21. e4 Rh6
22. Qg2 g3 23. e5 Qe6 24. Qxg3 Nf5 25. Qg4 Ne3 26. Qxe6 Rxe6
27. Rdg1 Rh6 28. Ne2 Nf8 29. Ng3 Rgh8 30. Re1 Ng2 31. Reg1 Ne3
32. Re1 Ng2 33. Reg1 1/2-1/2

[Event "Reykjavik Open"]
[Site "Reykjavik ISL"]
[Date "2017.04.26"]
[EventDate "2017.04.18"]
[Round "9.9"]
[Result "1-0"]
[White "Abhijit Kunte"]
[Black "Alexander Beliavsky"]
[WhiteElo "2491"]
[BlackElo "2597"]
[PlyCount "67"]

1. Nf3 d5 2. g3 g6 3. Bg2 Bg7 4. d4 Nf6 5. c4 c6 6. cxd5 cxd5
7. O-O O-O 8. Nc3 b6 9. b3 Bb7 10. Bb2 Nbd7 11. Rc1 a6 12. a4
e6 13. Ba3 Re8 14. e3 Rc8 15. Qe2 Bf8 16. Qb2 Nb8 17. Ne5 Nc6
18. Nxc6 Bxc6 19. Rc2 Bd6 20. Rfc1 Qe7 21. Bxd6 Qxd6 22. Na2
Kg7 23. b4 Bd7 24. Rxc8 Rxc8 25. Rxc8 Bxc8 26. a5 Ng8 27. Qc3
Ne7 28. Bf1 bxa5 29. bxa5 Nc6 30. Nc1 Bb7 31. Nd3 Qd8 32. Nc5
Qxa5 33. Qxa5 Nxa5 34. Bxa6 1-0

[Event "Reykjavik Open"]
[Site "Reykjavik ISL"]
[Date "2017.04.26"]
[EventDate "2017.04.18"]
[Round "9.12"]
[Result "1/2-1/2"]
[White "Erik Blomqvist"]
[Black "Aman Hambleton"]
[WhiteElo "2548"]
[BlackElo "2434"]
[PlyCount "95"]

1. Nf3 d5 2. g3 c6 3. Bg2 Bg4 4. O-O Nd7 5. h3 Bxf3 6. Bxf3 e5
7. c4 dxc4 8. Qc2 Nb6 9. a4 a5 10. Na3 Nf6 11. Nxc4 Nxc4
12. Qxc4 Bb4 13. d3 O-O 14. Bg2 Re8 15. Rd1 h6 16. e4 Qe7
17. Be3 Nd7 18. Rac1 Nf8 19. d4 exd4 20. Bxd4 Rad8 21. Bb6
Rxd1+ 22. Rxd1 Nd7 23. Be3 Nc5 24. Bxc5 Bxc5 25. h4 Bb6
26. Qb3 Qc5 27. Kh2 Re7 28. f4 g6 29. e5 h5 30. Qc3 Kg7
31. Qd2 Re8 32. Qc3 Re7 33. Qb3 Qe3 34. Rd3 Qc5 35. Kh3 Bc7
36. Kh2 Bb6 37. Kh3 Bc7 38. Bf3 Bb6 39. Qd1 Qc4 40. Be2 Qe4
41. Bf3 Qc4 42. Rd6 Bc5 43. b3 Qb4 44. Rd3 Bb6 45. Be2 Qe4
46. Bf3 Qb4 47. Be2 Qe4 48. Bf3 1/2-1/2

[Event "Reykjavik Open"]
[Site "Reykjavik ISL"]
[Date "2017.04.26"]
[EventDate "2017.04.18"]
[Round "9.15"]
[Result "1/2-1/2"]
[White "Bjorn Ahlander"]
[Black "Alexander Donchenko"]
[WhiteElo "2416"]
[BlackElo "2554"]
[PlyCount "78"]

1. d4 Nf6 2. c4 c5 3. d5 e6 4. Nc3 exd5 5. cxd5 d6 6. Nf3 g6
7. Bf4 a6 8. a4 Bg7 9. h3 O-O 10. e3 Qe7 11. Be2 Nbd7 12. O-O
Ne8 13. Re1 Nc7 14. Bf1 Rb8 15. e4 Ne5 16. Nxe5 Bxe5 17. Qd2
Bxf4 18. Qxf4 Re8 19. Rab1 Bd7 20. b4 b6 21. Rb2 a5 22. b5 f5
23. Rbe2 g5 24. Qd2 Qg7 25. exf5 Bxf5 26. Ne4 Bxe4 27. Rxe4 h6
28. h4 Rxe4 29. Rxe4 Rf8 30. hxg5 Qxg5 31. Re3 Kh8 32. Qc3+
Qf6 33. Qd2 Qg5 34. Qc3+ Qg7 35. Qd2 Rf5 36. Rh3 Rg5 37. Qe3
Qf6 38. Bd3 Kg7 39. Qe4 Nxd5 1/2-1/2

[Event "Reykjavik Open"]
[Site "Reykjavik ISL"]
[Date "2017.04.26"]
[EventDate "2017.04.18"]
[Round "9.16"]
[Result "1/2-1/2"]
[White "Bjorn Thorfinnsson"]
[Black "Helgi Dam Ziska"]
[WhiteElo "2413"]
[BlackElo "2553"]
[PlyCount "97"]

1. c4 g6 2. Nf3 Bg7 3. Nc3 Nf6 4. d4 d6 5. h3 O-O 6. Bf4 Nbd7
7. e3 b6 8. Be2 Bb7 9. O-O Ne4 10. Nxe4 Bxe4 11. Nd2 Bb7
12. Qc2 c5 13. d5 Qc7 14. a4 Nb8 15. e4 e5 16. Bg3 Na6 17. f4
exf4 18. Bxf4 Rae8 19. a5 Nb4 20. axb6 axb6 21. Qb3 Bc8
22. Ra8 f5 23. Qg3 Be5 24. Bxe5 Rxe5 25. exf5 Rxe2 26. fxg6
Rxf1+ 27. Kxf1 Re8 28. gxh7+ Kh8 29. Ne4 Qf7+ 30. Kg1 Rxe4
31. Rxc8+ Re8 32. Rxe8+ Qxe8 33. Qxd6 Kxh7 34. Qc7+ Kh8
35. Qf4 Nd3 36. Qh4+ Kg7 37. Qg5+ Qg6 38. Qe7+ Qf7 39. Qg5+
Qg6 40. Qe7+ Qf7 41. Qe2 Nf4 42. Qg4+ Kh6 43. h4 Qf6 44. b3
Qd4+ 45. Kh2 Qe5 46. Qg3 Kh7 47. Kh1 Qa1+ 48. Kh2 Qe5 49. Kh1
1/2-1/2

[Event "Reykjavik Open"]
[Site "Reykjavik ISL"]
[Date "2017.04.26"]
[EventDate "2017.04.18"]
[Round "9.20"]
[Result "1/2-1/2"]
[White "James Tarjan"]
[Black "Bragi Thorfinnsson"]
[WhiteElo "2414"]
[BlackElo "2457"]
[PlyCount "92"]

1. c4 c5 2. g3 g6 3. Bg2 Nc6 4. Nc3 Bg7 5. Nf3 d6 6. O-O Bf5
7. h3 Qd7 8. Kh2 e5 9. d3 h5 10. e4 Be6 11. Ng5 h4 12. Nxe6
fxe6 13. g4 Nge7 14. Ne2 Bf6 15. g5 Bg7 16. Bf3 d5 17. exd5
exd5 18. cxd5 Nxd5 19. Qb3 Rd8 20. Nc3 Nde7 21. Be3 b6 22. Be4
Nd4 23. Qc4 b5 24. Qxc5 Rc8 25. Qa3 O-O 26. Kg2 Nef5 27. Rac1
Kh7 28. Qa6 Nxe3+ 29. fxe3 Nf5 30. Nd5 Rxc1 31. Rxc1 Qd8
32. Nf6+ Bxf6 33. Bxf5 gxf5 34. gxf6 Rxf6 35. Qb7+ Kh6 36. Rc8
Rg6+ 37. Kf2 Qf6 38. Qa8 e4 39. d4 Qd6 40. Rh8+ Kg5 41. Qb8
Qxb8 42. Rxb8 Rc6 43. Rxb5 Rc2+ 44. Kg1 Rc1+ 45. Kf2 Rc2+
46. Kg1 Rc1+ 1/2-1/2

[Event "Reykjavik Open"]
[Site "Reykjavik ISL"]
[Date "2017.04.26"]
[EventDate "2017.04.18"]
[Round "9.21"]
[Result "1/2-1/2"]
[White "Mark Timmermans"]
[Black "Johan-Sebastian Christiansen"]
[WhiteElo "2385"]
[BlackElo "2429"]
[PlyCount "58"]

1. e4 e5 2. d4 exd4 3. c3 d5 4. exd5 Qxd5 5. cxd4 Nc6 6. Be3
Bb4+ 7. Nc3 Qa5 8. Qb3 Nf6 9. Bc4 O-O 10. Nf3 Bg4 11. Ne5 Nxe5
12. dxe5 Ne4 13. O-O Nxc3 14. a3 Nd1 15. Qxb4 Qxb4 16. axb4
Nxe3 17. fxe3 a6 18. b5 Be6 19. Bxe6 fxe6 20. Rfc1 axb5
21. Rxa8 Rxa8 22. Rxc7 Ra1+ 23. Kf2 Ra2 24. Rxb7 Rxb2+ 25. Kf3
Kf8 26. Rb8+ Kf7 27. Rb7+ Kf8 28. Rb8+ Kf7 29. Rb7+ Kf8
1/2-1/2

[Event "Reykjavik Open"]
[Site "Reykjavik ISL"]
[Date "2017.04.26"]
[EventDate "2017.04.19"]
[Round "9.1"]
[Result "0-1"]
[White "Baadur Jobava"]
[Black "Anish Giri"]
[WhiteElo "2712"]
[BlackElo "2771"]
[PlyCount "104"]

1. e4 c5 2. Nf3 d6 3. d4 cxd4 4. Nxd4 Nf6 5. Nc3 a6 6. Bg5 e6
7. f4 Qb6 8. Nb3 Nbd7 9. Be2 Be7 10. Qd3 Qc7 11. O-O b5 12. a3
Bb7 13. Kh1 Rc8 14. Rae1 O-O 15. Qh3 Rfe8 16. Bd3 e5 17. fxe5
dxe5 18. Re3 Nf8 19. Ne2 Qd7 20. Rf5 Qe6 21. Nd2 N6d7 22. Bxe7
Rxe7 23. Nb3 g6 24. Qg3 Nf6 25. Rf1 N8d7 26. Qe1 Kg7 27. Ng3
h5 28. Ne2 Rh8 29. h3 Qb6 30. Ng1 h4 31. Nf3 Ree8 32. Kh2 Rh5
33. Re2 Reh8 34. Qf2 Qxf2 35. Rfxf2 g5 36. Rf1 g4 37. Nfd2 Rg5
38. c4 Nh5 39. cxb5 axb5 40. Bxb5 Ndf6 41. Nc5 Bc8 42. Ree1
Nf4 43. hxg4 Nxg4+ 44. Kh1 Nf6 45. Nd3 Rg3 46. Rf3 Bg4
47. Rfe3 Rxg2 48. Nc4 Rc2 49. Ndxe5 N6h5 50. Kg1 Ng3 51. Rxg3
hxg3 52. Ne3 Nh3+ 0-1